000 00362nam a2200145Ia 4500
008 230917s9999||||xx |||||||||||||| ||und||
040 _e143239
_aMAIN
041 _aEnglish
082 _a004.77 P449M(6)
100 _aPetroutsos, Evangelos
245 0 _aMastering Visual Basic 6
260 _aNew Delhi
_bWiley India
_c2010
300 _a1285 p.
942 _cBK
999 _c141924
_d141924